| 000 | 01520cam a22003254a 4500 | ||
|---|---|---|---|
| 001 | 13235703 | ||
| 003 | NUST-PNEC | ||
| 005 | 20170116180719.0 | ||
| 008 | 030612s2003 nyua be 001 0 eng | ||
| 010 | _a 2003055291 | ||
| 020 | _a0824742524 (v.3) | ||
| 040 |
_aDLC _cPNEC _dDLC |
||
| 042 | _apcc | ||
| 050 | 0 | 0 |
_aTA1509 _b.E55 2003 |
| 082 | 0 | 0 |
_a621.3603 DRI _221 |
| 100 |
_9799 _aDriggers Ronald G. |
||
| 245 | 0 | 0 |
_aEncyclopedia of optical engineering Volume 3/ _cedited by Ronald G. Driggers. |
| 260 |
_aNew York : _bMarcel Dekker, _cc2003. |
||
| 300 |
_a3 v. (xvi, 3049, 55 p.) : _bill. ; _c29 cm. |
||
| 500 | _ahttp://www.amazon.com/Encyclopedia-Optical-Engineering-Print-Vol/dp/0824742524/ref=sr_1_1?s=books&ie=UTF8&qid=1414128414&sr=1-1&keywords=0824742524 https://www.worldcat.org/title/encyclopedia-of-optical-engineering-3-pho-z/oclc/314449543&referer=brief_results | ||
| 504 | _aIncludes bibliographical references and index. | ||
| 505 | 0 | _av. 1. Abe-Las, pages 1-1024 -- v. 2. Las-Pho, pages 1025-2048 -- v. 3. Pho-Z, pages 2049-3050. | |
| 650 | 0 |
_aOptics _vEncyclopedias. |
|
| 650 | 0 |
_aOptoelectronics _vEncyclopedias. |
|
| 700 | 1 | _aDriggers, Ronald G. | |
| 856 | 4 | 2 |
_3Book review (E-STREAMS) _uhttp://www.e-streams.com/es0704/es0704_3155.html |
| 906 |
_a7 _bcbc _corignew _d1 _eocip _f20 _gy-gencatlg |
||
| 942 |
_2ddc _cBK |
||
| 999 |
_c61304 _d61304 |
||